00509nam a22001697a 45000050016000000100017000160200026000330350017000590370019000760820006000951000018001012450080001192600040001992700053002393000029002927000018003212012010306566.0 aB-470212-227 a9788129119193c140.00 aB-470212-227 bBlue Berry/Ven aS aBond, Ruskin  aTales and legends from India /cby Ruskin Bond; illustrated by Sally Scott  aNew Delhi bRupa Publicationsc2011 a7/16, Ansari Road, DaryaganjbNew Delhi e110002 a153p. bill.c22cm(pbk)  aScott, Sally